000 00483nam a2200181Ia 4500
001 17754
005 20260306171540.0
008 260306s9999||||xx |||||||||||||| ||und||
041 _aESP
082 _a658.1511
_bR23
100 _aRamírez Padilla, David Noel
_eAUT
245 0 _aContabilidad administrativa:
_bun enfoque estratégico para competir
260 _c2013
300 _axviii. 582 páginas :
_c27 cm.
650 _aGEN
654 _aCAN
942 _cLIB
_dJUS
_fJUS
_2ddc
_n
999 _c17754
_d17754